00296 a2200121 4500001000700000020000600007040001100013100002700024240005300051245004800104362000900152440001300161180511 a  cMagnum aSeber, Maria da Gloria10aConstrucao da inteligencia pela crianca/v.4lpor10aConstrucao da inteligencia pela crianca/v.40 a1899 1aScipione